| 000 | 01078cam a2200265 i 4500 | ||
|---|---|---|---|
| 003 | SA-RiAUC | ||
| 005 | 20260119124638.0 | ||
| 008 | 251230s1938 ||| g 00000dara c | ||
| 040 |
_aSA-RiKSU _bara _cSA-RiAUC _erda |
||
| 082 | 0 | 4 | _a234.6 |
| 090 |
_aم ن 234.6 _bش ن ق |
||
| 100 | 1 |
_aالشنقيطي، محمد بن عبد الله بن أحمد، _d1295-1363 هجري _eمؤلف. |
|
| 245 | 1 | 0 |
_aهدية المغيث في أمراء المؤمنين في الحديث / _cمحمد حبيب الله الشنقيطي. |
| 264 | 1 |
_a[مكان النشر غير محدد] : _b[الناشر غير محدد]، _c1938 |
|
| 300 |
_a12 صفحة؛ _c29 سم. |
||
| 336 |
_aنص _btxt _2rdacontent _3كتاب |
||
| 337 |
_aبدون وسيط _bn _2rdamedia |
||
| 338 |
_aمجلد _bnc _2rdacarrier |
||
| 650 | 7 |
_aالحديث _xجوامع الفنون _2aucsh |
|
| 650 | 7 |
_aالحديث _xرواية _2aucsh |
|
| 650 | 7 |
_aالحديث _xإسناد _2aucsh |
|
| 650 | 7 |
_aالحديث _vتراجم _2aucsh |
|
| 942 |
_2ddc _cRBOOK COPY _n0 |
||
| 949 |
_aSA-JeALM _d251230 _umohamedma123 _n1 |
||
| 999 |
_c14099 _d14099 |
||